|
|
|
|
| LEADER |
00000nam0a2200000 4500 |
| 001 |
307836 |
| 005 |
20231102002031.0 |
| 035 |
|
|
|a (RuTPU)RU\TPU\book\333143
|
| 090 |
|
|
|a 307836
|
| 100 |
|
|
|a 20151026d1981 km y0rusy50 ca
|
| 101 |
0 |
|
|a rus
|
| 102 |
|
|
|a RU
|
| 105 |
|
|
|a a z 001zy
|
| 200 |
1 |
|
|a Генетика как объект философского анализа (некоторые основные направления исследования)
|f С. А. Пастушный
|
| 210 |
|
|
|a Москва
|c Мысль
|d 1981
|
| 215 |
|
|
|a 312 с.
|c ил.
|
| 225 |
1 |
|
|a Философия и естествознание
|
| 320 |
|
|
|a Библиография в ссылках.
|
| 606 |
1 |
|
|a Генетика
|x Философские проблемы
|2 stltpush
|3 (RuTPU)RU\TPU\subj\5874
|9 33862
|
| 610 |
1 |
|
|a философский анализ
|
| 610 |
1 |
|
|a наследственность
|
| 610 |
1 |
|
|a законы
|
| 610 |
1 |
|
|a генетическое познание
|
| 610 |
1 |
|
|a материалистические воззрения
|
| 610 |
1 |
|
|a человек
|
| 610 |
1 |
|
|a идеологические контроверзы
|
| 675 |
|
|
|a 575.1
|v 4
|
| 700 |
|
1 |
|a Пастушный
|b С. А.
|g Стефан Алексеевич
|
| 801 |
|
1 |
|a RU
|b 63413507
|c 20151026
|
| 801 |
|
2 |
|a RU
|b 63413507
|c 20190916
|g RCR
|
| 942 |
|
|
|c BK
|